Analýza dluhopisů

Na minha lista:
Detalhes bibliográficos
Autor principal: Šturc, Boris, 1961-
Autor Corporativo: SOCRATES - Grundtvig
Formato: Livro
Idioma:tcheco
Publicado em: Brno Masarykova univerzita - Ekonomicko-správní fakulta 2004
Assuntos:
Tags: Adicionar Tag
Sem tags, seja o primeiro a adicionar uma tag!

MARC

LEADER 00000nam$a2200000$$$4500
001 0064577
005 20240502083155.9
041 0 |a cze 
044 |a CZ 
245 1 0 |a Analýza dluhopisů  |c Boris Šturc 
264 1 |a Brno  |b Masarykova univerzita - Ekonomicko-správní fakulta  |c 2004 
300 |a 73 s. 
610 2 0 |a dlhopisy 
610 2 0 |a analýzy 
610 2 0 |a oceňovanie 
610 2 0 |a emisia 
100 1 |a Šturc, Boris, 1961- 
710 2 |a SOCRATES - Grundtvig